<?xml version="1.0" encoding="UTF-8"?>
<record
    xmlns:xsi="http://www.w3.org/2001/XMLSchema-instance"
    xsi:schemaLocation="http://www.loc.gov/MARC21/slim http://www.loc.gov/standards/marcxml/schema/MARC21slim.xsd"
    xmlns="http://www.loc.gov/MARC21/slim">

  <leader>02795nam a22003377a 4500</leader>
  <controlfield tag="003">OSt</controlfield>
  <controlfield tag="005">20150408114216.0</controlfield>
  <controlfield tag="008">130603s2013    nyua   g b    001 0 eng  </controlfield>
  <datafield tag="020" ind1=" " ind2=" ">
    <subfield code="a">9780415714594 (paperback : alkaline paper)</subfield>
  </datafield>
  <datafield tag="020" ind1=" " ind2=" ">
    <subfield code="a">0415714591 (paperback : alkaline paper)</subfield>
  </datafield>
  <datafield tag="020" ind1=" " ind2=" ">
    <subfield code="z">9781315879529 (ebook)</subfield>
  </datafield>
  <datafield tag="040" ind1=" " ind2=" ">
    <subfield code="a">Ma-Un</subfield>
  </datafield>
  <datafield tag="082" ind1="0" ind2="0">
    <subfield code="2">22</subfield>
    <subfield code="a">690.21</subfield>
    <subfield code="b">IPW</subfield>
  </datafield>
  <datafield tag="100" ind1="1" ind2=" ">
    <subfield code="a">Irwin, Peter</subfield>
    <subfield code="9">44710</subfield>
  </datafield>
  <datafield tag="245" ind1="1" ind2="0">
    <subfield code="a">Wind tunnel testing of high-rise buildings :</subfield>
    <subfield code="b">an output of the CTBUH Wind Engineering Working Group /</subfield>
    <subfield code="c">Peter Irwin, Roy Denoon &amp; David Scott.</subfield>
  </datafield>
  <datafield tag="260" ind1=" " ind2=" ">
    <subfield code="a">New York :</subfield>
    <subfield code="b">Routledge,</subfield>
    <subfield code="c">2013.</subfield>
  </datafield>
  <datafield tag="300" ind1=" " ind2=" ">
    <subfield code="a">47 p. :</subfield>
    <subfield code="b">ill. ;</subfield>
    <subfield code="c">28 cm.</subfield>
  </datafield>
  <datafield tag="500" ind1=" " ind2=" ">
    <subfield code="a">"Council on Tall Buildings and Urban habitat."</subfield>
  </datafield>
  <datafield tag="500" ind1=" " ind2=" ">
    <subfield code="a">"Simultaneously published in the USA and Canada"--Title page verso.</subfield>
  </datafield>
  <datafield tag="504" ind1=" " ind2=" ">
    <subfield code="a">Includes bibliographical references and index.</subfield>
  </datafield>
  <datafield tag="505" ind1="0" ind2=" ">
    <subfield code="a">1. Introduction -- Basis of Design -- Wind Climate -- 2. Nature of Wind Effects -- Planetary Boundary Layer and Wind Turbulence -- Mean and Fluctuating Loads -- Along-wind, Crosswind, and Torsional Loading -- Background and Resonant Loads -- Serviceability Accelerations -- Vortex Excitation -- Aerodynamic Damping and Galloping -- Cladding Loads -- Reynolds Number Effects -- 3. Wind Tunnel Testing Methods -- Simulation of the Natural Wind at Small Scale -- Test Methods to Determine Wind Loads on the Structural System -- Aeroelastic Model Testing -- Test Methods to Determine Cladding Loads -- Other Types of Wind Related Studies -- 4. Prediction of Load Effects for Strength Design and Serviceability -- Structural Properties of the Building -- Load Effects -- Non-Directional Method -- Sector Velocity Method -- Extreme Load Effect Method -- Upcrossing Methods -- 5. Format for Comparing Wind Tunnel Results -- Types of Comparison -- Wind Climate Models, Velocity Profiles, and Turbulence -- Aerodynamic Data -- Predicted Building Response Variations -- Responses Versus Return Period -- Quality Assurance -- 6. Use of Wind Tunnel Results -- CTBUH Height Criteria -- 100 Tallest Buildings in the World -- CTBUH Organization and Members.</subfield>
  </datafield>
  <datafield tag="650" ind1=" " ind2=" ">
    <subfield code="a">Tall buildings</subfield>
    <subfield code="x">Aerodynamics.</subfield>
    <subfield code="9">44711</subfield>
  </datafield>
  <datafield tag="650" ind1=" " ind2=" ">
    <subfield code="a">Tall buildings</subfield>
    <subfield code="x">Design and construction.</subfield>
    <subfield code="9">44712</subfield>
  </datafield>
  <datafield tag="650" ind1=" " ind2=" ">
    <subfield code="a">Wind tunnel testing.</subfield>
    <subfield code="9">44713</subfield>
  </datafield>
  <datafield tag="650" ind1=" " ind2=" ">
    <subfield code="a">Structural analysis (Engineering)</subfield>
    <subfield code="9">36530</subfield>
  </datafield>
  <datafield tag="700" ind1="1" ind2=" ">
    <subfield code="a">Denoon, Roy.</subfield>
    <subfield code="9">44714</subfield>
  </datafield>
  <datafield tag="700" ind1="1" ind2=" ">
    <subfield code="a">Scott, David</subfield>
    <subfield code="c">(Structural engineer)</subfield>
    <subfield code="9">44715</subfield>
  </datafield>
  <datafield tag="710" ind1="2" ind2=" ">
    <subfield code="a">Council on Tall Buildings and Urban Habitat.</subfield>
    <subfield code="b">Wind Engineering Working Group.</subfield>
    <subfield code="9">44716</subfield>
  </datafield>
  <datafield tag="942" ind1=" " ind2=" ">
    <subfield code="2">ddc</subfield>
    <subfield code="c">BOOK</subfield>
  </datafield>
  <datafield tag="999" ind1=" " ind2=" ">
    <subfield code="c">34904</subfield>
    <subfield code="d">269404</subfield>
  </datafield>
  <datafield tag="952" ind1=" " ind2=" ">
    <subfield code="1">0</subfield>
    <subfield code="2">2014-05-11</subfield>
    <subfield code="4">0</subfield>
    <subfield code="7">1</subfield>
    <subfield code="a">690.21 IPW</subfield>
    <subfield code="c">1</subfield>
    <subfield code="d">2014-05-11</subfield>
    <subfield code="e">&#x62F;&#x627;&#x631; &#x627;&#x644;&#x639;&#x631;&#x628;</subfield>
    <subfield code="h">CL</subfield>
    <subfield code="i">00210248</subfield>
    <subfield code="m">CL</subfield>
    <subfield code="r">2014-05-11 00:00:00</subfield>
    <subfield code="t">BOOK</subfield>
    <subfield code="w">ddc</subfield>
    <subfield code="y">0</subfield>
  </datafield>
  <datafield tag="952" ind1=" " ind2=" ">
    <subfield code="1">0</subfield>
    <subfield code="2">2014-05-11</subfield>
    <subfield code="4">0</subfield>
    <subfield code="7">1</subfield>
    <subfield code="a">690.21 IPW</subfield>
    <subfield code="c">1</subfield>
    <subfield code="d">2014-05-11</subfield>
    <subfield code="e">&#x62F;&#x627;&#x631; &#x627;&#x644;&#x639;&#x631;&#x628;</subfield>
    <subfield code="h">SZM</subfield>
    <subfield code="i">00210249</subfield>
    <subfield code="m">SZM</subfield>
    <subfield code="r">2014-05-11 00:00:00</subfield>
    <subfield code="t">BOOK</subfield>
    <subfield code="w">ddc</subfield>
    <subfield code="y">0</subfield>
  </datafield>
  <datafield tag="952" ind1=" " ind2=" ">
    <subfield code="1">0</subfield>
    <subfield code="2">2014-05-11</subfield>
    <subfield code="4">0</subfield>
    <subfield code="7">0</subfield>
    <subfield code="a">690.21 IPW</subfield>
    <subfield code="c">2</subfield>
    <subfield code="d">2014-05-11</subfield>
    <subfield code="e">&#x62F;&#x627;&#x631; &#x627;&#x644;&#x639;&#x631;&#x628;</subfield>
    <subfield code="h">SZM</subfield>
    <subfield code="i">00210250</subfield>
    <subfield code="m">SZM</subfield>
    <subfield code="r">2014-05-11 00:00:00</subfield>
    <subfield code="t">BOOK</subfield>
    <subfield code="w">ddc</subfield>
    <subfield code="y">0</subfield>
  </datafield>
</record>
